Normal view
MARC view
Entry Personal Name
001 - CONTROL NUMBER
- control field: 820659
003 - CONTROL NUMBER IDENTIFIER
- control field: OSt
005 - DATE AND TIME OF LATEST TRANSACTION
- control field: 20250909124402.0
008 - FIXED-LENGTH DATA ELEMENTS
- fixed length control field: 250909|| aca||aabn | a|a d
040 ## - CATALOGING SOURCE
- Original cataloging agency: OSt
- Transcribing agency: OSt
100 ## - HEADING--PERSONAL NAME
- Personal name: ਜੋਸ਼ੀ ਸ ਸ
670 ## - SOURCE DATA FOUND
- Source citation: Work cat.: (OSt)1435254: ਜੋਸ਼ੀ ਸ ਸ , ਪੰਜਾਬੀ ਸ਼ਬਦ ਜੋੜ ਕੋਸ਼ , 1998.
